Struktur tubuh manusia

Bibliographic Details
Main Author: Muhamad Ismail Ahmad
Format: Book
Published: Selangor : Flo Enterprise , 2004
Series:Siri Pendidikan jasmani dan kesihatan
Subjects:

MARC

LEADER 00000cam a2200000 7i4500
001 0000007103
005 20151222.0
008 070828
020 |a 9679714667 
020 |a 9679714683 (set) 
090 0 0 |a JF   |b HEA MAL (6951) 
100 0 |a Muhamad Ismail Ahmad 
245 1 0 |a Struktur tubuh manusia   |c Muhamad Ismail Ahmad 
260 |a Selangor :   |b Flo Enterprise ,   |c 2004 
440 |a Siri Pendidikan jasmani dan kesihatan 
500 |a Children ages 7-9 years old (orange) 
650 0 |a Health   |x Education 
999 |a 0000920973   |b Book   |c Children Collection   |e Cawangan Bukit Gambir 
999 |a 0000920974   |b Book   |c Children Collection   |e Cawangan Bukit Gambir 
999 |a 0000920975   |b Book   |c Children Collection   |e Cawangan Bukit Gambir 
999 |a 0000930999   |b Book   |c Children Collection   |e Cawangan Tangkak 
999 |a 0000931000   |b Book   |c Children Collection   |e Cawangan Tangkak 
999 |a 0000931001   |b Book   |c Children Collection   |e Cawangan Tangkak 
999 |a 0000988605   |b Book   |c Children Collection   |e Perbadanan Perpustakaan Awam Johor 
999 |a 0000988607   |b Book   |c Children Collection   |e Perbadanan Perpustakaan Awam Johor 
999 |a 0000988608   |b Book   |c Children Collection   |e Cawangan Taman Universiti 
999 |a 0000988609   |b Book   |c Children Collection   |e Cawangan Kota Tinggi